| 000 | 01446aam a2200541 4500 | ||
|---|---|---|---|
| 005 | 20240307160904.0 | ||
| 008 | 150408b xxu||||| |||| 00| 0 spa d | ||
| 020 | _a9786073238458 | ||
| 041 | _aESP | ||
| 082 | _a658.8 K87f13 | ||
| 100 | _aKotler, Philip | ||
| 100 |
_aArmstrong, Gary _92515 |
||
| 245 | _aFundamentos de marketing | ||
| 250 | _a13 edición | ||
| 260 | _aMéxico | ||
| 260 | _bPearson Educación | ||
| 260 | _c2017 | ||
| 300 | _a672 páginas | ||
| 650 | _aMARKETING | ||
| 650 | _aMERCADOS | ||
| 650 | _aESTRATEGIAS DE MARKETING | ||
| 650 | _aRELACIONES CON LOS CLIENTES | ||
| 650 | _aEMPRESA | ||
| 650 | _aPLANEACIÓN ESTRATÉGICA | ||
| 650 | _aGESTIÓN DE LA INFORMACIÓN | ||
| 650 | _aINVESTIGACIÓN DE MERCADOS | ||
| 650 | _aCOMPORTAMIENTO DEL CONSUMIDOR | ||
| 650 | _aDECISIÓN DE COMPRA | ||
| 650 | _aPRODUCTOS | ||
| 650 | _aSERVICIOS | ||
| 650 | _aMARCAS | ||
| 650 | _aFIJACIÓN DE PRECIOS | ||
| 650 | _aCANALES DE MARKETING | ||
| 650 | _aPUBLICIDAD | ||
| 650 | _aPROMOCIÓN DE VENTAS | ||
| 650 | _aADMINISTRACIÓN DE LA INFORMACIÓN | ||
| 650 | _aDESARROLLO DE NUEVOS PRODUCTOS | ||
| 650 | _aMARKETING DE SOCIAL MEDIA | ||
| 650 | _aÉTICA | ||
| 650 | _aRESPONSABILIDAD SOCIAL | ||
| 650 | _aSOCIAL MEDIA | ||
| 650 | _aCOMPROMISO DEL CLIENTE | ||
| 650 | _aCICLO DE VIDA DE LOS PRODUCTOS | ||
| 942 |
_cBK _2ddc |
||
| 999 |
_c10355 _d10355 |
||